000 00313 a2200145 4500
001 58481
020 _a
040 _cAnchieta - Pituba
100 _aMacedo, Joaquim Manuel de
240 1 0 _aA luneta mágica
_lpor
245 1 0 _aA luneta mágica
300 _a124
650 4 _aFicção brasileira
942 _cBK
999 _c58481
_d58481